000 00829nam a2200253 a 4500
001 000021857
005 20200930011458.0
008 100913s1996 sp r 000 | spa d
020 _a8478203184
040 _aDO-SdBNP
_bspa
_cBNPHU
082 _a923.346
_bC837M
100 1 _aMartínez Balsega, Pedro
_945381
245 1 0 _aQuién fue costa /
_cPedro Martínez Balsega; introducción, Eloy Fernández Clemente.
260 _aZaragoza :
_bInstitución Fernando el Católico,
_c1996.
300 _a96 p. ;
_c16 cm.
490 1 _aBrevarios
500 _aedi
574 _aIncluye edición facsímilar
600 1 _aCOSTA MARTÍNEZ, JOAQUÍN,
_d1846-1911
_945382
650 4 _aEconomistas españoles
_xBiografía
_945383
700 1 _aFernández Clemente, Eloy
_eintrod.
_945384
830 0 _aBrevarios
_914231
049 _aBNGR
999 _c21355
_d21355